00806 a2200217 45000010006000000050017000060080041000230030015000640400040000790800058001192450035001770200018002122640034002303000019002640410008002831000028002917000087003197000031004067000032004378560119004691614420260407155457.0260407a2004 arg spa dAR-UNSa-BCEJYS aAR-UNSa-BCEJYSbspacAR-UNSa-BCEJYS a657(083)xResoluciones Técnicas Contables. Informes10aResoluciones técnicas 4 a 22 a987-01-0296-4 1aBuenos Aires :bErreparc2004 a286 p.c28 cm. aspa1 aParada, Ricardo Antonio1 aFederación Argentina de Consejos Profesionales de Ciencias Económicas (FACPCE)1 aErrecaborde, José Daniel1 aCañada, Francisco Roberto41uhttps://biblioeco.unsa.edu.ar/pmb/images/libros/Separatas de Legislacion-l87187.jpgyImagen de portadaqimage/jpeg